Game of the Year- Sudden Death - Statistics

General Stats
  • This quiz has been taken 35 times
  • The average score is 5 of 10
Answers on the Grid
Answers color-coded by a green-red scale on the quiz's grid according to % correct below.
Astro Bot
Balatro
Baldur's Gate 3
Bayonetta 2
Bloodborne
Divinity: Original Sin II
Doom Eternal
Dragon Age: Inquisition
Ghost of Tsushima
God of War
Grand Theft Auto V
Guild Wars 2
Hades
Hearthstone
It Takes Two
Marvel's Spider-Man 2
Metal Gear Solid V: The Phantom Pain
Monster Hunter: World
Overwatch
Persona 5
Red Dead Redemption 2
Sekiro: Shadows Die Twice
Super Mario Odyssey
The Elder Scrolls V: Skyrim
The Last of Us
The Last of Us Part II
The Legend of Zelda: Breath of the Wild
The Legend of Zelda: Tears of the Kingdom
The Witcher 3: Wild Hunt
Undertale
 
Answer Stats
Answer % Correct
Astro Bot
74%
Baldur's Gate 3
61%
It Takes Two
57%
The Last of Us Part II
52%
God of War
48%
Overwatch
48%
Dragon Age: Inquisition
43%
Sekiro: Shadows Die Twice
39%
The Legend of Zelda: Breath of the Wild
39%
The Witcher 3: Wild Hunt
39%
No matching quizzes found
Score Distribution
Percent of People with Each Score
Percentile by Number Answered
Your Score History
You have not taken this quiz